000 00625nam a2200241Ia 4500
003 OSt
005 20220928104310.0
006 a|||||r|||| 00| 0
007 ta
008 220927b |||||||| |||| 00| 0 eng d
024 _a55391
037 _cTextual
040 _aSDCL
_cSDCL
_beng
041 _2eng
_aeng
082 _aO152,3N16,1, K8
100 _aNaagar Amrit Lal
245 0 _aSuhag ki nupur.
250 _a2nd/1963; 3rd/1965; 4th/1968
260 _aDelhi
_bRajpal
_c1968
300 _a276p.
_ccm.
942 _hO152,3N16,1, K8
_cTEXL
_2CC
999 _c725472
_d725472